| 000 | 00786nam a22002057a 4500 | ||
|---|---|---|---|
| 999 |
_c58405 _d58405 |
||
| 005 | 20221107112740.0 | ||
| 008 | 220120s2020 enk||||| |||| 00| 0 eng d | ||
| 020 | _a9781760294755x | ||
| 041 | _aeng | ||
| 080 | _a372 S-81 | ||
| 100 |
_aStamopoulos, Elizabeth _913405 |
||
| 245 |
_aEarly Childhood Leadership in Action : _bEvidence-based approaches for effecctive practice / _cElizabeth Stamopoulos and Lennie Barblett. |
||
| 264 |
_aLondon : _bRoutledge, _c2018. |
||
| 300 |
_a304 p.; _b23 cm. |
||
| 653 | _aსკოლამდელი ბავშვების ლიდერობა | ||
| 653 | _aპედაგოგიკა | ||
| 653 | _aЛидерство в раннем детстве | ||
| 700 |
_aBarblett, Lennie _eავტორი _913406 |
||
| 942 |
_2udc _cBK |
||